Land utilization in U.P. Himalaya (Record no. 16353)

MARC details
000 -LEADER
fixed length control field 00267nam a2200121Ia 4500
082 ## - DEWEY DECIMAL CLASSIFICATION NUMBER
Classification number RL.0018
100 ## - MAIN ENTRY--AUTHOR NAME
Personal name Lal, G.S.
245 #0 - TITLE STATEMENT
Title Land utilization in U.P. Himalaya
260 ## - PUBLICATION, DISTRIBUTION, ETC. (IMPRINT)
Year of publication 1990
300 ## - PHYSICAL DESCRIPTION
Number of Pages 65
942 ## - ADDED ENTRY ELEMENTS (KOHA)
Koha item type Books
Holdings
Withdrawn status Lost status Damaged status Not for loan Home library Current library Date acquired Bill Date Full call number Accession Number Price effective from Koha item type
        NASSDOC Library NASSDOC Library 08/10/2004 2008-12-30 RL.0018 30998 18/04/2019 Books